000 01474nam a22003257a 4500
005 20141217105048.0
010 _aENG-111336-338
020 _a9788124605295 (set)
_c4000.00 (set of 3 vols.)
020 _a8124605297 (set)
_c4000.00 (set of 3 vols.)
020 _a9788124605301 (v.1)
_c4000.00 (set of 3 vols.)
020 _a8124605300 (v.1)
_c4000.00 (set of 3 vols.)
020 _a9788124605318 (v.2)
_c4000.00 (set of 3 vols.)
020 _a8124605319 (v.2)
_c4000.00 (set of 3 vols.)
020 _a9788124605325 (v.3)
_c4000.00 (set of 3 vols.)
020 _a8124605327 (v.3)
_c4000.00 (set of 3 vols.)
035 _aEN-94868-870
037 _bDBAD/PUB
082 _a230.4503
245 _aDictionary of bhakti :
_cedited by Winand M. Callewaert with the assistance of Swapna Sharma
_bNorth-Indian bhakti texts into Khari Boli Hindi and English /
260 _aNew Delhi
_bD.K. Printworld
_c2009
270 _aSrikunj, F-52, Bali Nagar, Ramesh Nagar Metro Station
_bNew Delhi
_e110015
300 _a3V.(xxiii, 824p. ; xiv, 825-1530p. ; xiv, 1531-2187p.)
_c28cm(Hb)
500 _aIncludes bibliographical references
505 _aV.1-A-Ṇa ;V. 2- Ta-Ba ; V.3- Bha-Ha.
650 _aBhakti
_vDictionaries
_xKhari Boli.
650 _aKhari Boli language
_vDictionaries
_xHindi.
650 _aKhari Boli language
_vDictionaries
_xEnglish.
650 _a Hinduism
_xPrayers and devotions
_v Dictionaries
942 _2ddc
_cEN
_mDIC
_h230.4503
999 _c90241
_d90241